| 000 | 00470nam a2200181Ia 4500 | ||
|---|---|---|---|
| 001 | 14374 | ||
| 005 | 20260306164909.0 | ||
| 008 | 260306t1999||||xx |||||||||||||| ||spa|| | ||
| 041 | _aESP | ||
| 082 |
_a512.5 _bK73 1999 |
||
| 100 |
_aKolman, Bernard _eAUT |
||
| 245 | 0 |
_aÁlgebra lineal : _bcon aplicaciones y matlab = introductory linear algebra with applications |
|
| 260 | _c1999 | ||
| 300 |
_a _c |
||
| 650 | _aGEN | ||
| 654 | _aCMA | ||
| 942 |
_cLIB _dJUS _fJUS _2ddc _n |
||
| 999 |
_c14374 _d14374 |
||